[Event "8th ECI youth tournament"]
[Site "Eeklo"]
[Date "1981.08.??"]
[Round "3"]
[White "Cardon, Helmut"]
[Black "Ånstadt, Tor"]
[Result "1-0"]
[WhiteElo "2265"]
[BlackElo "1932"]
[EventDate "1981.08.??"]
[Source "Ed.: D. Van de Bourry, Doorbraak No. 14, KBSK 1981"]

1. d4 Nf6 2. c4 e6 3. Nc3 Bb4 4. e3 O-O 5. Bd3 d5 6. Ne2 dxc4 7. Bxc4 e5 8. a3
exd4 9. axb4 dxc3 10. Qxd8 Rxd8 11. bxc3 Nc6 12. O-O Ne5 13. Bb3 Bf5 14. Ra5 Bd3
15. Rxe5 Bxe2 16. Re1 Bh5 17. e4 Rd7 18. f3 Bg6 19. Ra5 Rd3 20. Re3 Rdd8 21. Kf1
a6 22. Ke2 c6 23. Rd3 Rxd3 24. Kxd3 Rd8+ 25. Ke2 Rd7 26. Be3 Ne8 27. g4 Kh8
28. Ra2 f6 29. Rd2 Rxd2+ 30. Kxd2 Nd6 31. Bf4 Bf7 32. Bxf7 Nxf7 33. Kd3 g5
34. Bc7 Ne5+ 35. Kd4 Nd7 36. e5 fxe5+ 37. Ke4 Kg7 38. Kf5 h6 39. Ke6 Nf8+
40. Kxe5 Kf7 41. Kd6 Ke8 42. Bb6 Ng6 43. Kc7 Ne5 44. Kxb7 Kd7 45. Bc7 Nxf3
46. Bg3 Nd2 47. Kxa6 Ke6 48. b5 cxb5 49. Kxb5 Kd5 50. Be1 Nc4 51. Bf2 Nd6+
52. Kb4 Ne4 53. Bd4 Kc6 54. Kc4 Nd2+ 55. Kd3 Nf3 56. h3 Kd5 57. c4+ Ke6 58. Bf2
Ke5 59. Ke3 1-0

[Event "8th ECI youth tournament"]
[Site "Eeklo"]
[Date "1981.08.??"]
[Round "3"]
[White "Lanzani, Mario"]
[Black "Karadağ, Cem"]
[Result "1-0"]
[WhiteElo "2145"]
[BlackElo "2064"]
[EventDate "1981.08.??"]
[Source "Ed.: D. Van de Bourry, Doorbraak No. 14, KBSK 1981"]

1. Nf3 g6 2. e4 Bg7 3. d4 c6 4. Nc3 d5 5. h3 Nh6 6. Bf4 dxe4 7. Nxe4 O-O 8. c3
Nf5 9. Bd3 b6 10. O-O Bb7 11. Qe2 Nd6 12. Rfe1 Nc8 13. Bc4 h6 14. Ne5 e6
15. Nxf7 Rxf7 16. Bxe6 Qe7 17. Qg4 Kh7 18. Bxf7 Qxf7 19. Nd6 Nxd6 20. Bxd6 Bf6
21. Qf4 g5 22. Qf5+ Qg6 23. Qe6 Na6 24. Qd7+ Qg7 25. Be7 Rb8 26. Qd6 Bxd4
27. cxd4 Qf7 28. Bxg5 Kg8 29. Re7 1-0

[Event "8th ECI youth tournament"]
[Site "Eeklo"]
[Date "1981.08.??"]
[Round "3"]
[White "Schandorff, Lars"]
[Black "James, Simon"]
[Result "1-0"]
[WhiteElo "2109"]
[BlackElo "2020"]
[EventDate "1981.08.??"]
[Source "Ed.: D. Van de Bourry, Doorbraak No. 14, KBSK 1981"]

1. Nf3 Nf6 2. g3 g6 3. Bg2 Bg7 4. O-O O-O 5. d3 d6 6. e4 Nbd7 7. Nc3 c6 8. Ne1
Ne8 9. f4 f5 10. exf5 gxf5 11. Nf3 e5 12. Kh1 Nef6 13. Nh4 Ng4 14. h3 Nh6
15. fxe5 Nxe5 16. Qh5 Qe8 17. Qxe8 Rxe8 18. Bxh6 Bxh6 19. Nxf5 Bf8 20. Rae1 Re6
21. b3 Bd7 22. d4 Nf7 23. Rxe6 Bxe6 24. d5 Bd7 25. Ne4 Bxf5 26. Rxf5 Rc8
27. dxc6 bxc6 28. c4 Be7 29. Nf6+ Kg7 30. Ng4 Rc7 31. h4 Nh6 32. Nxh6 Kxh6
33. Be4 Kg7 34. Kg2 Bf6 35. Kf3 Be5 36. g4 h6 37. g5 hxg5 38. Rxg5+ Kh8 39. Kg4
c5 40. Kf5 Rf7+ 41. Ke6 Rf6+ 42. Kd5 Rf4 43. h5 Rf2 44. h6 Rxa2 45. h7 Rd2+
46. Kc6 Bg7 47. Rg6 Rd4 48. Re6 1-0

[Event "8th ECI youth tournament"]
[Site "Eeklo"]
[Date "1981.08.??"]
[Round "3"]
[White "Jacobs, Byron Anthony"]
[Black "Sapis, Witalis"]
[Result "0-1"]
[WhiteElo "2245"]
[BlackElo "2000"]
[EventDate "1981.08.??"]
[Source "Ed.: D. Van de Bourry, Doorbraak No. 14, KBSK 1981"]

1. e4 c6 2. d4 d5 3. exd5 cxd5 4. c4 Nf6 5. Nc3 e6 6. Nf3 Be7 7. cxd5 exd5
8. Bb5+ Bd7 9. Bxd7+ Nbxd7 10. O-O O-O 11. Qb3 Nb6 12. a4 a5 13. Bg5 Qd6
14. Rfe1 Qb4 15. Qxb4 Bxb4 16. Bxf6 gxf6 17. Rec1 Rac8 18. Ne2 Rxc1+ 19. Rxc1
Nxa4 20. b3 Nb6 21. Nf4 Bd6 22. Nh5 Nd7 23. Nh4 Re8 24. g3 Kf8 25. Nf5 Bb8
26. Ne3 Rd8 27. Nxd5 Ba7 28. Ndxf6 Nxf6 29. Nxf6 Rxd4 30. Nxh7+ Kg7 31. Ng5 Rd2
32. Ne4 Re2 33. Nc5 b6 34. Nd7 b5 35. Nc5 Rb2 36. Ne4 Rxb3 37. Rc7 Bd4 38. Rd7
Bb2 39. Ra7 a4 40. Nd6 a3 41. Ra5 b4 42. Kf1 Rd3 43. Nb7 b3 44. Nc5 Rc3 45. Ke2
Rxc5 46. Rxc5 a2 47. Ra5 a1=Q 48. Rxa1 Bxa1 49. Kd3 Bd4 50. f4 Kf6 51. g4 Be3
52. f5 Kg5 53. h3 Bd4 54. Kd2 Kh4 55. Kd3 Bf6 0-1

[Event "8th ECI youth tournament"]
[Site "Eeklo"]
[Date "1981.08.??"]
[Round "3"]
[White "Welvaert, Dirk"]
[Black "Feistenauer, Fred"]
[Result "0-1"]
[WhiteElo "1741"]
[BlackElo "2100"]
[EventDate "1981.08.??"]
[Source "Ed.: D. Van de Bourry, Doorbraak No. 14, KBSK 1981"]

1. e4 c5 2. Nc3 d6 3. g3 g6 4. Bg2 Bg7 5. d3 e6 6. Be3 Nc6 7. Qd2 Rb8 8. f4
Nge7 9. Nf3 Qa5 10. O-O O-O 11. Kh1 Bd7 12. Nh4 f5 13. Nf3 b5 14. Nd1 Qc7
15. exf5 gxf5 16. Qe2 a5 17. Bf2 Rbe8 18. c3 Ng6 19. Ne3 a4 20. Qc2 a3 21. Rab1
axb2 22. Rxb2 b4 23. Be1 d5 24. d4 bxc3 25. Bxc3 c4 26. Rfb1 Rb8 27. Qd2 Rxb2
28. Rxb2 Rb8 29. Nd1 Nge7 30. Ne5 Nxe5 31. fxe5 Ba4 32. Rxb8+ Qxb8 33. Qb2 Qxb2
34. Nxb2 Bc2 35. a4 Nc8 36. Bf3 Bf8 37. Bh5 Ba3 38. Be8 Na7 39. Kg2 Kf8 40. Bh5
Bxb2 41. Bxb2 Bxa4 42. Kf2 Bd7 43. Ke3 Nb5 44. Be2 Be8 45. Kd2 Kg7 46. Bd1 Kf8
47. Be2 Ke7 48. Bd1 Kd8 49. Ke3 Kc8 50. Ba4 Nc7 51. Bd1 Kb7 52. Kd2 Ka6 53. Bc3
Nb5 54. Ba4 Nxc3 55. Bxe8 Nb5 56. Ke3 Nc7 57. Bd7 Ka5 58. Kd2 Kb4 59. Kc2 Nb5
60. Kd2 Nxd4 0-1

[Event "8th ECI youth tournament"]
[Site "Eeklo"]
[Date "1981.08.??"]
[Round "3"]
[White "Rehn, Ralf"]
[Black "Michiels, Dirk"]
[Result "1-0"]
[WhiteElo "2074"]
[BlackElo "2028"]
[EventDate "1981.08.??"]
[Source "Ed.: D. Van de Bourry, Doorbraak No. 14, KBSK 1981"]

1. e4 e6 2. d4 d5 3. Nc3 Bb4 4. Ne2 Nf6 5. Bg5 dxe4 6. a3 Be7 7. Bxf6 Bxf6
8. Nxe4 Nc6 9. c3 Be7 10. Qb3 Qd5 11. Qc2 f5 12. N4g3 Qd6 13. Rd1 O-O 14. f4 b6
15. Qd2 Bb7 16. Nc1 Nd8 17. Nd3 Nf7 18. Qf2 Rad8 19. Be2 Bh4 20. Bf3 Be4 21. Ne5
g5 22. Bxe4 fxe4 23. O-O Nxe5 24. fxe5 Rxf2 25. exd6 Rxf1+ 26. Nxf1 g4 27. dxc7
Rc8 28. g3 Bg5 29. Re1 h5 30. Rxe4 Kf7 31. Ne3 Rxc7 32. Kf2 Kf6 33. Ke2 Rf7
34. Re5 1-0

[Event "8th ECI youth tournament"]
[Site "Eeklo"]
[Date "1981.08.??"]
[Round "3"]
[White "Cuijpers, Frans André"]
[Black "Geenen, Marc"]
[Result "1-0"]
[WhiteElo "2217"]
[BlackElo "1872"]
[EventDate "1981.08.??"]
[Source "Ed.: D. Van de Bourry, Doorbraak No. 14, KBSK 1981"]

1. d4 Nf6 2. Nc3 g6 3. e4 d6 4. f4 Bg7 5. Nf3 c5 6. Bb5+ Bd7 7. e5 Ng4 8. Bxd7+
Qxd7 9. d5 Na6 10. O-O Nc7 11. h3 Nh6 12. Ne4 O-O 13. c4 b5 14. b3 bxc4 15. bxc4
Rab8 16. Bd2 Nf5 17. Re1 Nd4 18. Bc3 Nxf3+ 19. Qxf3 f5 20. exf6 Bxf6 21. Bxf6
exf6 22. f5 g5 23. h4 gxh4 24. Qg4+ Kh8 25. Qxh4 Ne8 26. Qf4 Rb2 27. Nf2 Ng7
28. g4 Rg8 29. Kf1 Re8 30. Rxe8+ Nxe8 31. Re1 Ng7 32. g5 fxg5 33. Qxg5 Rxa2
34. f6 Nf5 35. Qxf5 1-0

[Event "8th ECI youth tournament"]
[Site "Eeklo"]
[Date "1981.08.??"]
[Round "3"]
[White "Hovestadt, Leo"]
[Black "Coffey, Seán"]
[Result "1/2-1/2"]
[WhiteElo "2000"]
[BlackElo "2144"]
[EventDate "1981.08.??"]
[Source "Ed.: D. Van de Bourry, Doorbraak No. 14, KBSK 1981"]

1. e4 e6 2. d4 d5 3. Nd2 Nc6 4. Ngf3 Nf6 5. e5 Nd7 6. c3 f6 7. exf6 Qxf6 8. Nb3
Bd6 9. Bg5 Qg6 10. Bd3 Qh5 11. Qd2 e5 12. dxe5 Ndxe5 13. Be2 Qf7 14. O-O-O Be6
15. Nbd4 Nxf3 16. Bxf3 Nxd4 17. Qxd4 O-O 18. Bxd5 Bxd5 19. Qxd5 Qxd5 20. Rxd5
Rxf2 21. Rd2 Raf8 22. Be3 1/2-1/2

[Event "8th ECI youth tournament"]
[Site "Eeklo"]
[Date "1981.08.??"]
[Round "3"]
[White "Kaiser, Wolfgang"]
[Black "Berend, Freddy"]
[Result "1-0"]
[WhiteElo "2144"]
[BlackElo "1604"]
[EventDate "1981.08.??"]
[Source "Ed.: D. Van de Bourry, Doorbraak No. 14, KBSK 1981"]

1. e4 c5 2. Nf3 d6 3. d4 cxd4 4. Nxd4 Nf6 5. Nc3 a6 6. a4 Nc6 7. Be2 Nxd4
8. Qxd4 e5 9. Qd3 Be6 10. Bg5 Rc8 11. O-O Rc4 12. Kh1 Qb6 13. Bxf6 Qxb2 14. Nd5
Bxd5 15. exd5 Rc3 16. Qf5 Qxc2 17. Qxc2 Rxc2 18. Bd1 Rc5 19. Bg5 Rxd5 20. Rc1
Rc5 21. Bf3 d5 22. Rxc5 Bxc5 23. Bxd5 f6 24. Be3 b6 25. Bb7 a5 26. Rc1 Ke7
27. Bxc5+ bxc5 28. Rxc5 Rd8 29. g3 Rd7 30. Bf3 Ra7 31. Rb5 Kd6 32. Rb7 Rxb7
33. Bxb7 Kc5 34. Kg2 Kd4 35. Kf3 g6 36. g4 Kd3 37. Ba6+ Kd4 38. Bb5 Kd5 39. Ke3
e4 40. Kf4 Kd4 41. Bc6 1-0

[Event "8th ECI youth tournament"]
[Site "Eeklo"]
[Date "1981.08.??"]
[Round "3"]
[White "van der Zalm, Marnix"]
[Black "Milligan, Thomas"]
[Result "1/2-1/2"]
[WhiteElo "1758"]
[BlackElo "2133"]
[EventDate "1981.08.??"]
[Source "Ed.: D. Van de Bourry, Doorbraak No. 14, KBSK 1981"]

1. d4 d6 2. c4 e5 3. Nf3 Nd7 4. Nc3 g6 5. e4 Bg7 6. Be2 Ne7 7. Be3 O-O 8. Qd2
f5 9. Bg5 Nf6 10. exf5 exd4 11. Nxd4 Nxf5 12. Nxf5 Bxf5 13. O-O Qd7 14. Bf3 Rae8
15. Rae1 Ng4 16. Bd5+ Kh8 17. f4 c6 18. Bf3 Rxe1 19. Rxe1 Re8 20. Rxe8+ 1/2-1/2

[Event "8th ECI youth tournament"]
[Site "Eeklo"]
[Date "1981.08.??"]
[Round "3"]
[White "Bezsilko, Philippe"]
[Black "Gerogiannis, Christodoulos"]
[Result "1/2-1/2"]
[WhiteElo "2060"]
[BlackElo "2165"]
[EventDate "1981.08.??"]
[Source "Ed.: D. Van de Bourry, Doorbraak No. 14, KBSK 1981"]

1. e4 c5 2. Nf3 Nc6 3. d4 cxd4 4. Nxd4 g6 5. Nc3 Nf6 6. Be3 Bg7 7. Be2 O-O
8. Nb3 d6 9. O-O Be6 10. f4 Qc8 11. h3 Rd8 12. Bd3 Nb4 13. Nd4 Bc4 14. a3 Na6
15. Qe2 Bxd3 16. cxd3 Nh5 17. Qf2 Nc5 18. Rad1 Rd7 19. f5 b6 20. Nde2 Qa6
21. fxg6 fxg6 22. Qf7+ Kh8 23. Qd5 Re8 24. d4 e6 25. Qg5 Nxe4 26. Nxe4 Qxe2
27. Rd2 h6 28. Qxh6+ Bxh6 29. Rxe2 d5 30. Bxh6 dxe4 31. Bf4 Nxf4 32. Rxf4 Rxd4
33. Rfxe4 Rxe4 34. Rxe4 Kg7 35. Kf2 Kf6 36. Kf3 Rc8 37. Re2 Rc4 38. Re4 Rc2
39. Re2 Rc4 40. Re4 Rc2 41. Re2 1/2-1/2

[Event "8th ECI youth tournament"]
[Site "Eeklo"]
[Date "1981.08.??"]
[Round "4"]
[White "Petakov, Uroš"]
[Black "Lanzani, Mario"]
[Result "1/2-1/2"]
[WhiteElo "2000"]
[BlackElo "2145"]
[EventDate "1981.08.??"]
[Source "Ed.: D. Van de Bourry, Doorbraak No. 14, KBSK 1981"]

1. Nf3 Nf6 2. g3 b5 3. Bg2 Bb7 4. d4 e6 5. c3 Qc8 6. O-O Be7 7. Nbd2 O-O 8. Qc2
c5 9. e4 cxd4 10. Nxd4 a6 11. N2b3 Qc7 12. Qe2 d6 13. f4 Nbd7 14. Kh1 Qc4
1/2-1/2

[Event "8th ECI youth tournament"]
[Site "Eeklo"]
[Date "1981.08.??"]
[Round "4"]
[White "Ånstadt, Tor"]
[Black "Schandorff, Lars"]
[Result "1/2-1/2"]
[WhiteElo "1932"]
[BlackElo "2109"]
[EventDate "1981.08.??"]
[Source "Ed.: D. Van de Bourry, Doorbraak No. 14, KBSK 1981"]

1. d4 Nf6 2. c4 g6 3. Nc3 Bg7 4. e4 d6 5. Be2 O-O 6. Bg5 c5 7. d5 h6 8. Bf4 e6
9. dxe6 Bxe6 10. Bxd6 Re8 11. Nf3 Nc6 12. O-O Nd4 13. e5 Nd7 14. Nxd4 cxd4
15. Qxd4 Nxe5 16. Bxe5 Qxd4 17. Bxd4 Bxd4 1/2-1/2

[Event "8th ECI youth tournament"]
[Site "Eeklo"]
[Date "1981.08.??"]
[Round "4"]
[White "Sapis, Witalis"]
[Black "Gobet, Fernand"]
[Result "1/2-1/2"]
[WhiteElo "2000"]
[BlackElo "2000"]
[EventDate "1981.08.??"]
[Source "Ed.: D. Van de Bourry, Doorbraak No. 14, KBSK 1981"]

1. e4 c5 2. Nf3 e6 3. d3 Nc6 4. g3 d5 5. Nbd2 Bd6 6. Bg2 Nge7 7. O-O O-O 8. Nh4
Bd7 9. f4 f6 10. Kh1 Be8 11. f5 dxe4 12. dxe4 Bf7 13. c3 Qc7 14. Nc4 Rad8
15. Qg4 exf5 16. Nxf5 Nxf5 17. exf5 Ne5 18. Nxe5 Bxe5 19. Bh6 Bd5 1/2-1/2

[Event "8th ECI youth tournament"]
[Site "Eeklo"]
[Date "1981.08.??"]
[Round "4"]
[White "Feistenauer, Fred"]
[Black "Cardon, Helmut"]
[Result "1/2-1/2"]
[WhiteElo "2100"]
[BlackElo "2265"]
[EventDate "1981.08.??"]
[Source "Ed.: D. Van de Bourry, Doorbraak No. 14, KBSK 1981"]

1. e4 d6 2. d4 Nf6 3. Nc3 g6 4. g3 Bg7 5. Bg2 O-O 6. Nge2 Nbd7 7. O-O c5 8. h3
a6 9. a4 cxd4 10. Nxd4 Qc7 11. Re1 Rb8 12. Bg5 h6 13. Be3 Nb6 14. Qc1 Kh7 15. g4
Nc4 16. g5 Nh5 17. Nd5 Qd8 18. gxh6 Be5 19. f4 Nxe3 20. Qxe3 Bxd4 21. Qxd4 e6
22. Ne3 Kxh6 23. Rf1 b5 24. axb5 Rxb5 25. b3 1/2-1/2

[Event "8th ECI youth tournament"]
[Site "Eeklo"]
[Date "1981.08.??"]
[Round "4"]
[White "Rehn, Ralf"]
[Black "Cuijpers, Frans André"]
[Result "1/2-1/2"]
[WhiteElo "2074"]
[BlackElo "2217"]
[EventDate "1981.08.??"]
[Source "Ed.: D. Van de Bourry, Doorbraak No. 14, KBSK 1981"]

1. e4 d6 2. d4 Nf6 3. Nc3 g6 4. Nf3 Bg7 5. Bc4 Nxe4 6. Nxe4 d5 7. Bd3 dxe4
8. Bxe4 Nd7 9. O-O O-O 10. Bg5 Nf6 11. Bd3 b6 12. Re1 Bb7 13. c3 Rc8 14. Qe2 e6
15. Ba6 Qd5 16. Bxb7 Qxb7 17. Rad1 c5 18. Rd2 c4 19. Ne5 b5 20. Ng4 Nxg4
21. Qxg4 Qd5 22. Rde2 Rfe8 23. Re3 Rc6 24. Qf4 f6 25. Bh6 g5 26. Qg4 Bxh6
27. Qh5 Re7 28. Qxh6 Rf7 29. Rg3 Kh8 30. h4 gxh4 31. Qxh4 Rc8 32. Qg4 Re8
33. Rge3 Rfe7 34. Qf4 Rf7 35. Qe4 Qxe4 36. Rxe4 Rfe7 37. f4 Kg7 38. d5 Kf7
39. Rd1 a6 40. dxe6+ Rxe6 41. Rxe6 Kxe6 42. Re1+ Kd7 43. Rxe8 Kxe8 44. Kf2 Kf7
45. f5 Ke7 46. Ke3 Kd6 47. g4 1/2-1/2

[Event "8th ECI youth tournament"]
[Site "Eeklo"]
[Date "1981.08.??"]
[Round "4"]
[White "Karadağ, Cem"]
[Black "Kaiser, Wolfgang"]
[Result "0-1"]
[WhiteElo "2064"]
[BlackElo "2144"]
[EventDate "1981.08.??"]
[Source "Ed.: D. Van de Bourry, Doorbraak No. 14, KBSK 1981"]

1. e4 c5 2. Nf3 d6 3. Bc4 Nc6 4. d4 cxd4 5. c3 dxc3 6. Nxc3 e6 7. O-O Be7
8. Qe2 Nf6 9. Rd1 e5 10. h3 O-O 11. Be3 Be6 12. Bxe6 fxe6 13. Qc4 Qd7 14. b4
Rac8 15. Qb3 Nh5 16. Na4 Rxf3 17. gxf3 Nd4 18. Bxd4 exd4 19. Rac1 Nf4 20. Rxc8+
Qxc8 21. Nb2 Qe8 22. Nd3 Qg6+ 23. Kf1 Qg2+ 24. Ke1 Qh1+ 25. Kd2 Qxf3 26. Qc4
Qxe4 27. Re1 Qxd3+ 28. Qxd3 Nxd3 29. Kxd3 e5 30. Rc1 Kf7 31. Rc7 d5 32. Rxb7 Ke6
33. b5 Bc5 34. a4 e4+ 35. Ke2 d3+ 36. Kf1 d4 37. Rc7 Bb6 38. Rc1 e3 39. f3 Kd5
40. Ra1 Ba5 41. Rb1 Bc3 42. h4 h5 43. Kg2 d2 44. Kf1 d3 0-1

[Event "8th ECI youth tournament"]
[Site "Eeklo"]
[Date "1981.08.??"]
[Round "4"]
[White "James, Simon"]
[Black "Jacobs, Byron Anthony"]
[Result "0-1"]
[WhiteElo "2020"]
[BlackElo "2245"]
[EventDate "1981.08.??"]
[Source "Ed.: D. Van de Bourry, Doorbraak No. 14, KBSK 1981"]

1. d4 Nf6 2. c4 c5 3. d5 b5 4. cxb5 a6 5. e3 g6 6. Nc3 Bg7 7. Nf3 O-O 8. a4 e6
9. d6 Bb7 10. bxa6 Nxa6 11. Bc4 Nb4 12. O-O Qb6 13. Ra3 Ne4 14. Nb5 f5 15. Bd2
Bxb2 16. Bxb4 cxb4 17. Rb3 Bc3 18. Nxc3 Nxc3 19. Qd2 Qc5 20. Bb5 Bd5 21. Rb2
Qxd6 22. Nd4 Bb7 23. Ne2 Qxd2 24. Rxd2 Nxb5 25. axb5 Bd5 26. Rd4 b3 27. Rb4 Rfc8
28. Nf4 Bc4 29. b6 Bxf1 30. b7 Bc4 31. Ra4 b2 0-1

[Event "8th ECI youth tournament"]
[Site "Eeklo"]
[Date "1981.08.??"]
[Round "4"]
[White "Michiels, Dirk"]
[Black "van der Zalm, Marnix"]
[Result "1-0"]
[WhiteElo "2028"]
[BlackElo "1758"]
[EventDate "1981.08.??"]
[Source "Ed.: D. Van de Bourry, Doorbraak No. 14, KBSK 1981"]

1. e4 d6 2. c4 Nf6 3. Nc3 g6 4. g3 Bg7 5. Bg2 O-O 6. Nge2 e5 7. O-O c5 8. d3
Nc6 9. f4 Rb8 10. f5 Nd4 11. Nxd4 cxd4 12. Nb1 gxf5 13. exf5 Ne8 14. a4 a5
15. Be4 f6 16. Bd2 b6 17. Qf3 Nc7 18. Na3 Na6 19. Rfb1 Nc5 20. Bd5+ Kh8 21. b4
axb4 22. Rxb4 Bb7 23. Bxb7 Rxb7 24. a5 d5 25. cxd5 bxa5 26. Rxb7 Nxb7 27. Nc4
Qd7 28. Bxa5 Nxa5 29. Rxa5 Qb7 30. Kg2 Rd8 31. d6 Qxf3+ 32. Kxf3 Bf8 33. Ra6 Kg7
34. Ke4 Kh6 35. Kd5 Kg5 36. Ke6 e4 37. h4+ Kg4 38. dxe4 d3 39. Ra3 d2 40. Rd3
1-0

[Event "8th ECI youth tournament"]
[Site "Eeklo"]
[Date "1981.08.??"]
[Round "4"]
[White "Coffey, Seán"]
[Black "Welvaert, Dirk"]
[Result "1/2-1/2"]
[WhiteElo "2144"]
[BlackElo "1741"]
[EventDate "1981.08.??"]
[Source "Ed.: D. Van de Bourry, Doorbraak No. 14, KBSK 1981"]

1. e4 e5 2. Nf3 Nf6 3. Nxe5 d6 4. Nf3 Nxe4 5. d4 d5 6. Bd3 Be7 7. O-O Nc6 8. c4
Nf6 9. Nc3 Bg4 10. cxd5 Nxd5 11. Bc4 Nf6 12. Be3 O-O 13. d5 Ne5 14. Be2 Ng6
15. Qb3 Qc8 16. Rac1 a6 17. Na4 Qd7 18. Rfd1 b6 19. Nc3 Bd6 20. Qc2 1/2-1/2

[Event "8th ECI youth tournament"]
[Site "Eeklo"]
[Date "1981.08.??"]
[Round "4"]
[White "Milligan, Thomas"]
[Black "Hovestadt, Leo"]
[Result "1-0"]
[WhiteElo "2133"]
[BlackElo "2000"]
[EventDate "1981.08.??"]
[Source "Ed.: D. Van de Bourry, Doorbraak No. 14, KBSK 1981"]

1. e4 c5 2. g3 e6 3. Bg2 Ne7 4. Ne2 Nbc6 5. O-O g6 6. d4 cxd4 7. Nxd4 d6 8. Nb5
Ng8 9. c4 a6 10. N5c3 Bg7 11. Be3 Nge7 12. Qd2 Ne5 13. Na3 Ng4 14. Rad1 Nxe3
15. Qxe3 O-O 16. c5 d5 17. exd5 exd5 18. Nxd5 Nxd5 19. Bxd5 Qc7 20. b4 Bh3
21. Rfe1 a5 22. b5 Rac8 23. c6 bxc6 24. bxc6 Rb8 25. Qc5 Rb7 26. Nb5 Qc8 27. Nd6
Qc7 28. Nb5 Qc8 29. Nd6 Qc7 30. Nxf7 Rxf7 31. Re8+ 1-0

[Event "8th ECI youth tournament"]
[Site "Eeklo"]
[Date "1981.08.??"]
[Round "4"]
[White "Gerogiannis, Christodoulos"]
[Black "Geenen, Marc"]
[Result "1-0"]
[WhiteElo "2165"]
[BlackElo "1872"]
[EventDate "1981.08.??"]
[Source "Ed.: D. Van de Bourry, Doorbraak No. 14, KBSK 1981"]

1. d4 Nf6 2. c4 g6 3. Nc3 Bg7 4. e4 d6 5. Bg5 Nbd7 6. f4 O-O 7. Bd3 e5 8. fxe5
dxe5 9. d5 h6 10. Bh4 a6 11. Nf3 Qe8 12. O-O Nh5 13. Rc1 f5 14. b4 f4 15. c5 g5
16. Bf2 g4 17. Nh4 g3 18. hxg3 fxg3 19. Be3 Ndf6 20. Nf5 Kh7 21. Be2 Qg6 22. d6
cxd6 23. cxd6 Be6 24. Nd5 Bxd5 25. exd5 Rfd8 26. Rc7 Kh8 27. Re7 Bf8 28. Re6 Nf4
29. Bxf4 exf4 30. Rxf4 Qg5 31. Qd4 Kh7 32. Rxf6 Rac8 33. Rf7+ Kg8 34. Rxf8+ Rxf8
35. Ne7+ Kh7 36. Bd3+ 1-0

[Event "8th ECI youth tournament"]
[Site "Eeklo"]
[Date "1981.08.??"]
[Round "4"]
[White "Berend, Freddy"]
[Black "Bezsilko, Philippe"]
[Result "1/2-1/2"]
[WhiteElo "1604"]
[BlackElo "2060"]
[EventDate "1981.08.??"]
[Source "Ed.: D. Van de Bourry, Doorbraak No. 14, KBSK 1981"]

1. c4 c5 2. g3 Nc6 3. Bg2 g6 4. Nc3 Bg7 5. Nf3 Nf6 6. e3 O-O 7. O-O d6 8. a3
Bg4 9. Qc2 Qd7 10. Re1 Bxf3 11. Bxf3 Ne5 12. Be2 Qh3 13. f3 h5 14. Nd1 Qd7
15. b4 cxb4 16. axb4 Rfc8 17. d3 b5 18. Bb2 Nc6 19. Qb3 a6 20. cxb5 axb5 21. Nc3
Qb7 22. d4 Na7 23. Ra5 Bh6 24. Kf2 Qd7 25. Nxb5 Nxb5 26. Bxb5 Qb7 27. Bc4 Rxa5
28. Bxf7+ Kg7 29. bxa5 Qxb3 30. Bxb3 Rb8 31. a6 Rxb3 32. a7 Rxb2+ 33. Re2 Bxe3+
34. Kf1 Rb1+ 35. Re1 Rb2 36. Ra1 Bxd4 37. a8=Q Rf2+ 38. Ke1 Rxh2 39. Ra4 Bf2+
40. Ke2 Bxg3+ 41. Kd3 Rh1 1/2-1/2

[Event "8th ECI youth tournament"]
[Site "Eeklo"]
[Date "1981.08.??"]
[Round "5"]
[White "Gobet, Fernand"]
[Black "Cardon, Helmut"]
[Result "0-1"]
[WhiteElo "2000"]
[BlackElo "2265"]
[EventDate "1981.08.??"]
[Source "Ed.: D. Van de Bourry, Doorbraak No. 14, KBSK 1981"]

1. e4 d6 2. d4 Nf6 3. Nc3 g6 4. f4 Bg7 5. Nf3 O-O 6. Bd3 Na6 7. e5 Nd7 8. Ne4
c5 9. c3 cxd4 10. cxd4 dxe5 11. fxe5 Nb4 12. Bb1 Nb6 13. h3 f6 14. Qb3+ N4d5
15. a4 a5 16. O-O Kh8 17. Bd2 Nb4 18. Bxb4 axb4 19. Qxb4 Bh6 20. Ra3 Nd5 21. Qe1
b6 22. Qh4 Kg7 23. Kh2 Ne3 24. Re1 Nc4 25. Rb3 Rxa4 26. exf6+ exf6 27. Nc3 Ra7
28. d5 Ne3 29. Qd4 Qd6+ 30. Kh1 Re7 31. Rxb6 Qg3 32. Rxe3 Bxe3 33. Qb4 Bxb6
34. Qxe7+ Rf7 35. Qe1 Qxe1+ 36. Nxe1 Bb7 37. Ba2 Rd7 38. Nc2 f5 39. Kh2 Bc7+
40. Kg1 Be5 41. Nb4 Rc7 42. Ne2 Bd6 43. Nd3 Ba6 44. Bb1 Bxd3 45. Bxd3 Rb7
46. Kf2 Rxb2 47. Kf3 Kf6 48. h4 Ke5 49. h5 Kxd5 50. Nc3+ Ke5 51. hxg6 hxg6
52. Nb5 Bc5 53. g4 Rb3 0-1

[Event "8th ECI youth tournament"]
[Site "Eeklo"]
[Date "1981.08.??"]
[Round "5"]
[White "Lanzani, Mario"]
[Black "Sapis, Witalis"]
[Result "1-0"]
[WhiteElo "2145"]
[BlackElo "2000"]
[EventDate "1981.08.??"]
[Source "Ed.: D. Van de Bourry, Doorbraak No. 14, KBSK 1981"]

1. Nf3 Nf6 2. c4 c5 3. Nc3 d5 4. cxd5 Nxd5 5. d4 Nxc3 6. bxc3 g6 7. e3 Bg7
8. Be2 Nc6 9. O-O O-O 10. Ba3 cxd4 11. cxd4 Qa5 12. Qb3 Be6 13. Qxb7 Nxd4
14. Nxd4 Qxa3 15. Nxe6 fxe6 16. Rac1 Qxa2 17. Bc4 Qd2 18. Bxe6+ Kh8 19. Bc8 Bb2
20. Rcd1 Qc2 21. Qxa8 Qxc8 22. Qxa7 Qe6 23. Qd7 Qf6 24. Qg4 Be5 25. f4 Bd6
26. Rc1 Kg7 27. Rc8 Rf7 28. Qf3 Qf5 29. Qa8 Bc5 30. Rg8+ Kf6 31. Qa6+ e6
32. Qa1+ Ke7 33. Qc3 Qd5 34. Rc1 Ba7 35. Kh1 e5 36. Qxe5+ Qxe5 37. fxe5 Bxe3
38. Rc7+ 1-0

[Event "8th ECI youth tournament"]
[Site "Eeklo"]
[Date "1981.08.??"]
[Round "5"]
[White "Schandorff, Lars"]
[Black "Kaiser, Wolfgang"]
[Result "0-1"]
[WhiteElo "2109"]
[BlackElo "2144"]
[EventDate "1981.08.??"]
[Source "Ed.: D. Van de Bourry, Doorbraak No. 14, KBSK 1981"]

1. Nf3 Nf6 2. g3 d5 3. Bg2 Bf5 4. d3 h6 5. O-O e6 6. Nbd2 Be7 7. Qe1 O-O 8. e4
Bh7 9. Qe2 c6 10. b3 a5 11. a4 Na6 12. Bb2 Nb4 13. Ne1 Rb8 14. Kh1 b5 15. f4
bxa4 16. Rxa4 Nd7 17. Ra1 Nc5 18. Qg4 Bf6 19. Bxf6 Qxf6 20. Rxa5 Nb7 21. e5 Qe7
22. Ra1 Ra8 23. Rxa8 Rxa8 24. Qe2 Qc5 25. Ndf3 Ra2 26. g4 Nxc2 27. Nxc2 Rxc2
28. Qd1 Qc3 29. Ne1 Rc1 30. Qe2 Nc5 31. f5 exf5 32. gxf5 Bxf5 33. Qf2 Bg6 34. b4
Qxb4 35. Bh3 Rb1 36. Rg1 Nxd3 37. Nxd3 Bxd3 38. Rxb1 Qxb1+ 39. Kg2 Qc2 0-1

[Event "8th ECI youth tournament"]
[Site "Eeklo"]
[Date "1981.08.??"]
[Round "5"]
[White "Feistenauer, Fred"]
[Black "Ånstadt, Tor"]
[Result "1-0"]
[WhiteElo "2100"]
[BlackElo "1932"]
[EventDate "1981.08.??"]
[Source "Ed.: D. Van de Bourry, Doorbraak No. 14, KBSK 1981"]

1. e4 c5 2. Nc3 d6 3. g3 Nc6 4. Bg2 g6 5. d3 Bg7 6. Be3 e6 7. Qd2 Nb4 8. Nd1 e5
9. c3 Nc6 10. Ne2 b6 11. O-O Nge7 12. Bh6 O-O 13. Bxg7 Kxg7 14. Ne3 f6 15. f4
Be6 16. d4 Bg8 17. fxe5 fxe5 18. d5 Nb8 19. Rxf8 Qxf8 20. Rf1 Bf7 21. Bh3 Qd8
22. Be6 Bg8 23. Ng4 Nd7 24. Qg5 1-0